000 013250000a22001690004500
001 18622
020 _a978-84-9945-628-7
082 0 4 _aR 220.61 G6439c
100 1 _aCarbajosa, Ignacio
245 1 0 _aLa Biblia en su entorno / Ignacio Carbajosa, Joaquín González Echegaray & Francisco Varo
260 _aEstella, Navarra : Verbo Divino
300 _a652 páginas
501 _arústico
505 0 0 _aGeografía y arqueología bíblicas -- Geología -- Teología de la Tierra Santa -- El método arqueológico -- Periodos arqueológicos -- Los yacimientos arqueológicos y la Biblia -- Historia social y religiosa de Israel en los tiempos bíblicos -- La investigación acerca de la historia de Israel -- La población de Canaán durante el Bronce Reciente -- El asentamiento de Israel en Canaán -- La transición hacia la monarquía -- Los orígenes de la monarquía -- Primeras consideraciones sobre el rey y el templo -- El reino de Israel -- El reino de Judá -- El destierro -- La restauración de Judá bajo los persas -- Palestina helenística -- Palestina romana -- El texto de la Biblia y la crítica textual -- Lengua y escrituras bíblicas -- El texto del Nuevo Testamento -- Crítica textual del Antiguo Testamento y del Nuevo Testamento
650 1 4 _aARQUEOLOGIA BIBLICA \ ISRAEL - HISTORIA
942 _cREF
999 _c45038
_d45038